Sakrálne pamiatky ako atraktivity cestovného ruchu diplomová práca

Gespeichert in:
Bibliographische Detailangaben
1. Verfasser: Rožičová, Estera
Körperschaft: Obchodná fakulta EU. Katedra cestovného ruchu
Weitere Verfasser: Fodranová, Iveta, 1959-
Format: Buch
Sprache:Slowakisch
Veröffentlicht: Bratislava 2023
Tags: Tag hinzufügen
Keine Tags, Fügen Sie das erste Tag hinzu!

MARC

LEADER 00000nbm a2200000 4500
001 0293949
005 20240122142004.8
041 0 |a slo 
044 |a SK 
245 1 0 |a Sakrálne pamiatky ako atraktivity cestovného ruchu  |b diplomová práca  |c Estera Rožičová ; školiteľ: Iveta Fodranová 
264 1 |a Bratislava  |c 2023 
300 |a 65 s. 
100 1 |a Rožičová, Estera 
700 1 |a Fodranová, Iveta, 1959- 
710 2 |a Obchodná fakulta EU. Katedra cestovného ruchu